000
00312nam a2200109Ia 4500
008
180205s9999 xx 000 0 und d
020
_a
9781119067405
100
_a
Taylor, Marie
245
_c
Crabb, Steve
_a
Business coaching & mentoring for dummies /
260
_a
West Sussex :
_c
2016
300
_a
viii, 375 pages
999
_c
354935
_d
354935